[Event "Bundesliga 1112"]
[Site "Germany"]
[Date "2011.10.15"]
[Round "2.5"]
[White "Postny, Evgeny"]
[Black "L'Ami, Erwin"]
[Result "1/2-1/2"]
[WhiteElo "2622"]
[BlackElo "2592"]
[Annotator "Postny,E"]
[PlyCount "61"]
[EventDate "2011.10.14"]
[EventType "team-tourn"]
[EventRounds "15"]
[EventCountry "GER"]
[SourceTitle "CBM 145"]
[Source "ChessBase"]
[SourceDate "2011.11.11"]
[SourceVersion "1"]
[SourceVersionDate "2011.11.11"]
[SourceQuality "1"]
[WhiteTeam "Eppingen"]
[BlackTeam "Solingen"]
[WhiteTeamCountry "GER"]
[BlackTeamCountry "GER"]

1. d4 Nf6 2. c4 e6 3. Nf3 b6 4. Nc3 Bb4 5. e3 Bb7 6. Bd3 Ne4 7. O-O {White may
ignore the threat.} Bxc3 (7... Nxc3 8. bxc3 Bxc3 9. Rb1 {White has very good
compensation for the pawn. He is ahead in development, as well as in control
over the centre. For instance:} Ba5 10. Ba3 d6 11. c5 O-O 12. Qc2 h6 13. cxd6
cxd6 14. Bh7+ Kh8 15. Be4 Qd7 16. Ne5 dxe5 17. Bxf8 exd4 18. Rfd1 Nc6 19. Rbc1
Rxf8 20. Bxc6 Qxc6 21. Qxc6 Bxc6 22. Rxc6 dxe3 23. fxe3 $14 {1/2-1/2 Ipatov,A 
(2497)-Najer,E (2665)/Moscow 2010/CBM 134 Extra (164)}) 8. bxc3 Nxc3 $2 {
This is very risky, in fact just bad, even though it's the first choice of the
engines.} ({Black should choose between} 8... f5) ({or} 8... O-O) 9. Qc2 {
No, the knight is not trapped, the matter is way more complicated...} Bxf3 10.
gxf3 Qg5+ 11. Kh1 Qh5 {The point of Black's defence. If White captures the
knight, it will lead to a perpetual check.} 12. Rg1 Qxf3+ 13. Rg2 f5 {I am
familiar with this opening line. However, I hadn't prepared this before the
game. The last time I looked at this line was years ago.} 14. Bb2 {I failed to
recall even the classical game Keres-Spassky. The move in the text is a good
alternative, though.} (14. Qxc3 $2 Qd1+ 15. Rg1 Qf3+ $11 {is not exactly what
White is playing for.}) (14. Ba3 Ne4 15. Rf1 Rg8 (15... d6 16. Be2 Qh3 17. c5
$40) (15... c5 16. Be2 Qh3 17. f3 Nf6 18. dxc5 $16) (15... Nf6 16. Be2 Qe4 17.
Qb3 f4 18. Qd1 $1 fxe3 19. fxe3 Nc6 20. Bf3 Qh4 21. Rxg7 O-O-O 22. Bxc6 dxc6
23. Qf3 Rhg8 24. Rxg8 Nxg8 25. Qxc6 $16) 16. Be2 Qh3 17. f3 Nf6 18. d5 $1 Kf7
19. e4 c5 20. Bb2 f4 21. e5 Nh5 22. Kg1 g6 23. Rg4 Rd8 24. Bd3 Rg8 25. Rf2 $1 {
[%csl Rh3][%cal Gd3f1] 1-0 Keres,P-Spassky,B/Riga 1965/Candidates}) 14... Ne4
15. Rf1 {White is two pawns down, but all his forces are mobilised. Black is
lagging in development and the king can't find a safe shelter. White is going
to develop his attack by Bd3-e2 followed by f2-f3, e3-e4 and/or d4-d5
according to circumstances.} Nc6 {The most logical.} (15... Rg8 16. Be2 Qh3 17.
f3 Nf6 18. d5 Qh6 19. e4 f4 20. c5 c6 21. dxe6 dxe6 22. Rd1 b5 23. Rd6 Kf7 24.
Rxe6 Kxe6 25. Qb3+ $18 {1-0 Dizdar,G (2564)-Sandhu,M (2308)/Austria 2008/EXT
2009 (28)}) (15... Nf6 16. d5 Na6 17. Be2 Qe4 18. Qxe4 Nxe4 19. Bh5+ Ke7 20. f3
Nec5 21. Rxg7+ Kd6 22. Rd1 exd5 23. Rxd5+ Kc6 24. f4 $18 {[%cal Gh5f3] 1-0
Lesiege,A (2589)-Lawson,E (2335)/Shawinigan 2003/EXT 2006 (31)}) (15... O-O 16.
d5 Nf6 17. Be2 Qh3 (17... Qe4 18. Qd1 e5 19. Bd3 Qh4 20. Bxf5 $16) 18. c5 exd5
19. Rfg1 g6 20. Rxg6+ $1 hxg6 21. Rxg6+ Kh7 22. Rg3 $1 {[%csl Rf5,Rh3]} Qxg3
23. hxg3 $16) 16. Be2 Qh3 17. f3 Nf6 18. d5 {I also considered 18.e4, but the
move in the text is tempting and good.} Ne7 19. Rxg7 Qh6 (19... Nh5 {was an
option with an idea after} 20. Rg5 Rg8 {to exchange one pair of rooks. Still,
White keeps a strong initiative:} 21. Rxg8+ Nxg8 22. Rg1 Kf7 23. Qc3 ({Also
good is} 23. Qa4 Nhf6 24. dxe6+ dxe6 25. c5 $16) 23... Ngf6 24. dxe6+ dxe6 25.
Qe5 Rc8 26. c5 $36) 20. Rfg1 {White has got back one pawn and enjoys a strong
atack almost for free.} Rf8 21. dxe6 dxe6 (21... Qxe3 22. exd7+ Nxd7 23. Bc1
Qc5 (23... Qe6 24. c5 $1 O-O-O (24... Nxc5 25. Bg5 $18) 25. Bc4 Qe5 26. cxb6 $1
axb6 27. Qa4 Kb8 28. Rxe7 $1 Qxe7 29. Bd5 $18) 24. Qd3 $1 {[%cal Gc1a3]} Qd6
25. Qxd6 cxd6 26. c5 $1 {[%csl Rd7,Re7][%cal Ge2b5,Gg1e1] A remarkable line,
showing that even after the exchange of queens White's initiative can prove
decisive.}) 22. c5 $1 {Opening the position as much as possible. Now the
white-squared bishop becomes active as well.} Rf7 23. cxb6 $4 {Spoiling
everything. After playing non-stop for about three weeks I got tired and
couldn't calculate variations properly.  It was important to keep the rook
away from the exchange.} (23. Bb5+ Kf8 (23... c6 24. Bxc6+ $1 Nxc6 25. cxb6 Ne7
26. b7 Rb8 27. Qa4+ Kf8 28. Qxa7 Nd7 29. Qa3 Ke8 30. Rxf7 Kxf7 31. Rg7+ Qxg7
32. Bxg7 $18) 24. R7g2 $1 {White needs both rooks for the attack. Meanwhile,
Black's Rf7 is just a clumsy piece.} a6 (24... Qxe3 $2 25. Bc1 $18 {[%csl Rf8]
[%cal Gc1h6] I didn't see this.}) (24... c6 25. Bxc6 $1 Nxc6 26. cxb6 $18) 25.
cxb6 cxb6 26. Bc4 Qxe3 (26... Rc8 27. Qd3 Nfd5 28. Ba3 $18 {[%cal Gg2g8]}) 27.
Qd1 $1 Nfd5 28. Bxd5 exd5 29. Bc1 Qc5 30. Bh6+ Ke8 31. Rg8+ Nxg8 32. Rxg8+ Kd7
33. Rxa8 $18) 23... Rxg7 24. Rxg7 axb6 $1 {Suddenly, Black's cornered rook is
playing along the a-line.} (24... Qxg7 $2 25. b7 Rb8 26. Qxc7 Rxb7 27. Qxb7 $16
) (24... cxb6 $2 25. Bb5+ Kf8 26. Rxe7 Kxe7 27. Qc7+ Kf8 28. Bc6 {[%csl Ra8]}
Qh3 29. Kg1 $18) 25. Bb5+ Kf8 26. Rxe7 {I saw that this leads only to a draw,
but couldn't find anything better.} (26. Rg2 Rxa2 27. Qxc7 Rxb2 28. Rxb2 Qxe3
29. Qd8+ Kf7 {Here White is the one that has to seek for equality.}) 26... Kxe7
27. Qxc7+ Kf8 28. Qd6+ (28. Qe5 $6 Kf7 ({Later on I noticed the alternative} 
28... Ne8 $1 {after which I decided that it would be wise to force a draw.})
29. Bc4 $6 (29. Qc7+ $11) 29... Re8 30. Qxf5 Qg6 31. e4 Qxf5 32. exf5 Nd5 $17)
28... Kf7 29. Qc7+ Kf8 30. Qd6+ Kf7 31. Qc7+ 1/2-1/2

[Event "Hastings 9798"]
[Site "Hastings"]
[Date "1997.12.30"]
[Round "2"]
[White "Sadler, Matthew D"]
[Black "Ward, Christopher"]
[Result "1/2-1/2"]
[WhiteElo "2665"]
[BlackElo "2485"]
[Annotator "Psakhis,L"]
[PlyCount "78"]
[EventDate "1997.12.29"]
[EventType "tourn"]
[EventRounds "9"]
[EventCountry "ENG"]
[EventCategory "13"]
[SourceTitle "CBM 063"]
[Source "ChessBase"]
[SourceDate "1998.03.26"]
[SourceVersion "1"]
[SourceVersionDate "1998.03.26"]
[SourceQuality "1"]

1. d4 Nf6 2. c4 e6 3. Nc3 Bb4 4. e3 b6 5. Bd3 Bb7 6. Nf3 Ne4 7. O-O f5 8. d5 (
8. Ne2 $5) 8... Bxc3 9. bxc3 {[%csl Rc3,Rc4,Gc5][%cal Gb8a6,Ga6c5] Very risky
variation for Black, but in practice they getting good results, and after move
in the game and after 9.... Na6} Nc5 (9... Na6 10. Nd4 Nac5 (10... Nec5 11. Bc2
O-O 12. f3 Qf6 13. Bd2 g6 14. e4 e5 15. Ne2 f4 16. Rf2 g5 17. Kh1 Rf7 18. Qf1
d6 $17 {0-1 Martin,B-Ward,C/Oakham 1994 (40)}) 11. Bxe4 fxe4 12. Qh5+ g6 13.
Qe5 O-O 14. Ba3 exd5 15. cxd5 d6 $17 {0-1 Langeweg,K-Timman,J/Netherlands 1980
(16)}) 10. Ba3 (10. Nd4 O-O 11. Ba3 Nba6 12. Rb1 e5 13. Bc2 (13. Nxf5 $6 e4 14.
Bxe4 Nxe4 15. Bxf8 Qxf8 $15) 13... g6 14. f4 d6 15. fxe5 dxe5 16. Nb3 Rb8 17.
Qe2 Qe7 $13 {1-0 Atalik,S-Wedberg,T/New York op 1997 (68)}) 10... Nba6 11. Re1
(11. Bc2 O-O 12. Nd4 Rf7 13. Nb3 Qe7 14. Re1 e5 15. f4 d6 16. Bxc5 Nxc5 17.
Nxc5 dxc5 18. e4 fxe4 19. Rxe4 Rxf4 20. Qd3 Rxe4 21. Qxe4 g6 22. Re1 Rf8 23.
Qxe5 Qxe5 24. Rxe5 Ba6 $11 {1/2-1/2 Balashov,Y-Emms,J/BL 1995 (30)}) 11... Qf6
{New move, White got strong attack after} (11... O-O 12. e4 fxe4 13. Bxe4 Rf4
14. Bc2 Rxc4 15. Ne5 Rxc3 16. Bxh7+ $5 Kxh7 17. Qh5+ Kg8 18. Bb2 $40 {in the
game Rechlis,G-Brunner,L/Bern zt 1990 (59)}) 12. Qc2 (12. Nd4 e5 $1 13. Bc2 (
13. Nxf5 e4) 13... O-O 14. Nb3 (14. Nxf5 e4) 14... d6 $11) 12... g6 (12...
O-O-O $5) 13. e4 $1 {[%cal Re1e8]} fxe4 14. Bxe4 O-O-O $132 (14... O-O $5) 15.
Nd2 Rde8 16. Rad1 Qf7 (16... Rhf8 17. Bf3 (17. f3 d6) 17... d6 $5 (17... exd5
18. Rxe8+ (18. cxd5 Rxe1+ 19. Rxe1 Bxd5 $17) 18... Rxe8 19. cxd5 $14)) 17. d6
$1 Nxe4 18. Nxe4 Qf5 (18... c5 19. Bc1 {[%csl Ra6]}) 19. dxc7 Bxe4 20. Rxe4 (
20. Qxe4 Qxe4 21. Rxe4 $14 Kxc7 $140 $2 22. Red4 $16) 20... Nc5 21. Bxc5 Qxc5
22. Red4 Re7 $8 23. Qa4 Qxc7 24. c5 $1 bxc5 25. Rd6 Rf8 26. Qb5 Rf5 27. c4 (27.
Qa6+ $5 Kb8 (27... Kd8 28. Rxe6 $16) (27... Qb7 28. Qxb7+ Kxb7 29. Rxd7+ Rxd7
30. Rxd7+ Kb6 31. Rxh7 Rd5 32. h4 $16) 28. Rb1+ Ka8 29. Rdb6 $1 Rd5 $1 30. R6b5
(30. c4 Rd1+ 31. Rxd1 Qxb6 32. Qc8+ Qb8 33. Qxc5 Rf7 $14) 30... c4 31. R5b4 $40
) 27... h5 28. Rb1 (28. Qa6+ Qb7 (28... Kb8 $2 29. Rb1+ Ka8 30. Rdb6 $1 $18 Re5
31. Rb8+ Qxb8 32. Rxb8+ Kxb8 33. Qd6+ $18) 29. Qxb7+ Kxb7 30. Rxd7+ Rxd7 31.
Rxd7+ Kb6 32. Rd6+ Ka5 33. Rxe6 Rf4 34. Rxg6 Rxc4 $14) 28... Kd8 $1 29. Qa6
Ref7 30. Rb7 (30. f3 $5 Ke7 31. Rdd1 $5 $14) 30... Rxf2 $1 31. Rxd7+ Qxd7 32.
Rxd7+ Kxd7 33. Qxa7+ Kd6 34. Qb6+ (34. Qa6+ $6 Ke5 $15) 34... Kd7 $11 35. Qb7+
Kd6 36. Qb8+ Kd7 37. Qb5+ Kd6 38. Qb6+ Kd7 39. Qb7+ Kd6 1/2-1/2

[Event "Clarin GP final"]
[Site "Villa Gesell"]
[Date "1998.03.10"]
[Round "4"]
[White "Hoffman, Alejandro"]
[Black "Rodriguez Vila, Andres"]
[Result "0-1"]
[WhiteElo "2510"]
[BlackElo "2475"]
[Annotator "Psakhis,L"]
[PlyCount "72"]
[EventDate "1998.03.07"]
[EventType "tourn"]
[EventRounds "11"]
[EventCountry "ARG"]
[EventCategory "10"]
[SourceTitle "CBM 064"]
[Source "ChessBase"]
[SourceDate "1998.06.02"]
[SourceVersion "1"]
[SourceVersionDate "1998.06.02"]
[SourceQuality "1"]

1. d4 e6 2. c4 Nf6 3. Nc3 Bb4 4. e3 b6 5. f3 {Rare, but poisoned move is a
part of opening repertoire so strong grandmasters like Miles and Milov.} O-O (
5... c5 6. d5 Ba6 (6... O-O 7. e4 d6 8. Nge2 b5 9. Ng3 exd5 10. cxd5 a6 11. Be2
Nbd7 12. O-O c4 13. Be3 $14 {1-0 Milov,V-De Firmian,N/Biel 1995 (39)}) 7. e4
exd5 8. cxd5 Nxe4 $5 9. fxe4 Bxc3+ 10. bxc3 Qh4+ 11. g3 Qxe4+ 12. Kf2 Qxh1 13.
Bg2 Qxh2 14. Bg5 $6 (14. Nh3 $1) 14... O-O 15. Bh4 Re8 $132 {1-0 Milov,
V-Sutovsky,E/Israel 1997 (27)}) 6. Nge2 $6 {It is difficult to believe, but
whis move is new one ( but surely not the best one!) Just 6.e4 can give to
White chances for initiative.} (6. e4 Ba6 (6... d5 7. e5 Nfd7 8. a3 Bxc3+ 9.
bxc3 Ba6 10. cxd5 Bxf1 11. Kxf1 exd5 12. Nh3 c5 13. Qb3 Nc6 14. Bg5 $14 {
1-0 Meulders,R-Douven,R/Hilversum-ch 1997 (48)}) (6... Bxc3+ 7. bxc3 d6 8. Bd3
e5 9. Ne2 Nc6 10. O-O h6 11. Be3 Na5 12. Ng3 Be6 13. Qe2 $14 {1/2-1/2 Yakovich,
Y-Wiese,H/Rilton Cup 1996 (24)}) 7. Bd3 c5 8. d5 Bxc3+ 9. bxc3 d6 10. Nh3 Nbd7
11. Bf4 Ne5 12. Bxe5 dxe5 13. dxe6 fxe6 14. O-O Qc7 $11 {1/2-1/2 Volzhin,
A-Timman,J/Koge op 1997 (34)}) 6... Ba6 $1 7. a3 Be7 8. Ng3 d5 {It is White
who must to think about equalization now ( and even this modest goal not easy
to get!) .} 9. cxd5 Bxf1 10. Rxf1 exd5 11. Kf2 (11. e4 $5 $13) 11... Re8 12.
Qd3 c5 $15 {[%csl Rc1,Rf2]} 13. dxc5 bxc5 14. Rd1 (14. Nf5 Nc6) 14... d4 $5 15.
exd4 cxd4 16. Nce2 Nc6 17. Kf1 (17. Nf5 Bc5 18. b4 (18. Qc4 Qb6) 18... Bb6 {
[%cal Rc6e5]} 19. Nexd4 Re5 $1 {[%cal Gb6f2,Gd8d1]} 20. Be3 Nxd4 21. Nxd4 (21.
Bxd4 Rxf5) 21... Nd5 $40) 17... Qb6 18. Nf5 Rad8 19. Nxe7+ (19. Bf4 Nd5 {
[%csl Rb2,Re3]}) 19... Rxe7 $17 {[%csl Ra1,Gd4,Rf1][%cal Ge7e2]} 20. Ng3 (20.
Bg5 Ne5 (20... Qxb2 $2 21. Bxf6 gxf6 22. Rdb1 Re3 23. Qd1) 21. Qf5 (21. Qd2 d3
22. Nc3 Neg4 $1 {[%cal Rg4h2]} 23. fxg4 Nxg4 24. Qf4 (24. Bf4 Re2 $1 $19) 24...
Ne3+ 25. Qxe3 Rxe3 26. Bxd8 Qxd8 $19) 21... Nc4 $1 {[%csl Re3]} (21... d3 22.
Nc3) 22. Rac1 Re5 23. Qb1 Rxg5 24. Rxc4 Nd5 $1 $19) 20... Ne5 {Queen is always
bad blocker!} 21. Qf5 (21. Qd2 Nc4 (21... Qb5+ $5)) 21... Nd5 {[%cal Ge5c4]} (
21... Rd5 $1 {[%cal Rd5f5,Re5g4]}) (21... Nc4 22. Qd3) 22. Qg5 f6 23. Qh4 Qb3
$1 {Black dominates on the whole board and there victory now just question of
time.} 24. Bd2 Nc4 25. Kg1 (25. Nf5 Qd3+ $19) 25... Nxb2 26. Re1 (26. Rdb1 Ne3
27. Ne4 Nc2 $1 $19) 26... Rxe1+ 27. Rxe1 Nd3 28. Re4 (28. Rf1 Qa2 $5 (28... Qc2
29. Ne4 Ne3 30. Nxf6+ $1 gxf6 31. Qxf6 Rf8 32. Qg5+ Kh8 33. Bxe3 dxe3 34. Qxe3
Nf4 $17) 29. Ne4 Qxa3 $19) 28... Nc3 $19 29. Re7 (29. Rxd4 $2 Qd1+ 30. Nf1 Ne2+
) 29... Qd1+ 30. Be1 (30. Nf1 Ne2+ 31. Rxe2 Qxe2) 30... Ne2+ $1 (30... Rd7 $5
31. Re8+ Kf7 32. Qh5+ g6 33. Qxh7+ Kxe8 34. Qxg6+ Kd8 35. Qxf6+ Kc7 $19) (30...
Nxe1 $2 31. Rxg7+ $1 Kxg7 32. Nh5+ Kg8 (32... Kf7 33. Qxf6+ Ke8 34. Qe6+ Kf8
35. Qf6+ $11) (32... Kg6 $4 33. Qxf6+ Kxh5 34. g4#) 33. Qg3+ Kf7 34. Qc7+ $1
Ke8 35. Ng7+ Kf8 36. Ne6+ Ke8 $11) 31. Nxe2 (31. Rxe2 Nxe1 32. Qe4 Nxf3+ 33.
Kf2 Ne5 $19) 31... Nxe1 32. Kf2 Nd3+ 33. Kg3 Qe1+ 34. Kh3 (34. Kg4 Ne5+) 34...
Nf2+ 35. Kg3 Rd5 $1 {[%cal Rd5g5]} 36. f4 Ne4+ (36... Ne4+ 37. Kh3 Qxe2) 0-1

[Event "Krynica zt"]
[Site "Krynica"]
[Date "1998.09.06"]
[Round "4"]
[White "Chatalbashev, Boris"]
[Black "Nisipeanu, Liviu Dieter"]
[Result "0-1"]
[WhiteElo "2535"]
[BlackElo "2575"]
[Annotator "Psakhis,L"]
[PlyCount "90"]
[EventDate "1998.09.02"]
[EventType "swiss"]
[EventRounds "9"]
[EventCountry "POL"]
[SourceTitle "CBM 067"]
[Source "ChessBase"]
[SourceDate "1998.11.30"]
[SourceVersion "2"]
[SourceVersionDate "1998.11.01"]
[SourceQuality "1"]

1. d4 {Hecht.} Nf6 2. c4 e6 3. Nf3 b6 4. e3 Bb7 5. Nc3 Bb4 6. Bd3 c5 7. O-O O-O
8. Na4 {Principal move} (8. Bd2 d6 9. Qe2 Nbd7 10. a3 Bxc3 11. Bxc3 Rc8 12.
Rac1 Re8 13. Rfd1 Qc7 14. Nd2 cxd4 15. exd4 Nf8 16. Nf1 Ng6 $11 {0-1 Lyrgerg,
P-Ionov,S/Linares op 1996 (29)}) 8... cxd4 9. exd4 Be7 10. a3 Bxf3 $5 (10... d6
$5 11. Re1 Nbd7 12. b4 Re8 13. Bb2 Bf8 14. Rc1 {1/2-1/2 Zilberman,Y-Razuvaev,Y/
EU-Cup Kazan 1997}) 11. Qxf3 Nc6 12. d5 $6 {N/ Novelty and not good one. Black
close to equalize game after} (12. Be3 d5 (12... e5 $5 13. d5 e4 14. Bxe4 Ne5
15. Qf4 Bd6 16. c5 Ng6 17. Qf3 Nh4 18. Qh3 Nxe4 19. cxd6 Ng6 20. Nc3 Nxd6 $13 {
1/2-1/2 Speelman,J-Ivanchuk,V/Monaco 1992 (74)}) 13. cxd5 Qxd5 14. Qxd5 Nxd5
15. Ba6 Rad8 16. Rac1 Nb8 17. Bc4 f5 $11 {1/2-1/2 Hjartarson,J-Arnason,J/
Brighton 1982 (53) , but after move in the text White could just dream about
similiar results.}) 12... Ne5 13. Qe2 (13. Qg3 Bd6 (13... Nxd3 14. Qxd3 b5 $5
15. cxb5 Nxd5 $13)) 13... Qc7 (13... Nxd3 $5) 14. Bf4 Bd6 {[%csl Rc4,Gd6,Ge5]}
15. Nc3 Nf3+ $1 (15... Nxc4 $6 16. Nb5 Qb8 $8 (16... Qc5 17. b4 Qxb5 18. Bxc4
$18) 17. Nxd6 Nxd6 18. dxe6 dxe6 19. Be5 $5 Nd5 20. Qg4 $44) 16. Qxf3 Bxf4 $15
{[%csl Rd3,Gf4] ^- Black got not big , but stable advantage.} 17. Qh3 Rad8 18.
Rfe1 Be5 19. Ne4 {Maybe stronger is} (19. Nb5 $5 Qb8 20. Nxa7 Bxb2 21. Rab1 Bd4
22. Nb5 Bc5 $15) 19... h6 20. Nxf6+ Bxf6 {[%csl Gf6]} 21. Re2 Qd6 22. Rae1 (22.
Rd1 $142 $5 Bd4 $140 23. Bh7+) 22... Bd4 23. Kh1 e5 $5 24. a4 $6 {[%csl Ra5,
Rb4,Rc5]} (24. b4 a5) 24... a5 25. b3 Qf6 26. Bc2 Qf4 27. Qf5 Qxf5 28. Bxf5 g6
29. Bc2 f5 $17 {[%csl Rc2]} 30. f3 $6 {Stubborn} (30. g3 $5 {was stronger.})
30... h5 $1 31. g3 h4 32. Kg2 Kg7 {[%cal Gf8h8,Gh8h5,Gd8h8]} 33. Rf1 Rh8 34.
Rd1 (34. g4 h3+ 35. Kh1 fxg4 36. fxg4 Rdf8) 34... d6 35. Ree1 Bc5 36. Bd3 Rh5
37. g4 $6 (37. Rh1 Rdh8 38. Bc2 Kf6 39. Rde1 Rg5 $17) 37... h3+ 38. Kh1 (38.
Kf1 $2 fxg4 39. fxg4 Rf8+ $19) 38... fxg4 39. fxg4 Rhh8 40. Rf1 Rdf8 {[%cal
Gf8f4]} 41. g5 Rxf1+ 42. Rxf1 {Hecht: '[#] Der eingeklemmte weiße König sowie
die bessere Bauernstruktur und die Schwäche des Bg5 sichern Schwarz den Gewinn.
Taktik.'} Rh4 $1 $19 {[%cal Re5e4,Rh4g4]} 43. Rf6 {Hecht: 'Wegen des
beweglichen b-Bauern kann Weiß nie auf Patt spielen. '} e4 44. Be2 (44. Bc2 Rg4
) 44... e3 45. Kg1 $6 (45. Bd3 Rg4 (45... Rd4 $2 46. Rxg6+ Kf7 47. Rf6+ $11) (
45... Re4 $2 46. Bxe4 e2 47. Rxg6+ Kf7 48. Rf6+ Kg7 $11) 46. Rxg6+ Kf7 47. Rf6+
Ke7 48. Re6+ Kd8 49. Bf5 (49. g6 e2 $19) 49... Rxg5 50. Bxh3 e2 51. Bg2 Re5 $19
) (45. Bf3 {Hecht} Rd4 46. Re6 (46. Kg1 Rd1+ 47. Bxd1 e2+ $19) 46... Rf4 47.
Rf6 Rxf3 48. Rxf3 e2 $19) (45. Bf1 {Hecht} Rg4 46. Bxh3 Rg1+ 47. Kxg1 e2+ $19)
45... Rg4+ $1 {Hecht: '[#] Weiß gibt bereits auf. Wir prüfen den Fall:'} (45...
Rg4+ {Hecht} 46. Kf1 Rg2 (46... Rxg5 47. Rf3 Rf5 48. Ke1 {[%csl Rh3]}) 47. Rf3
Rxh2 48. Ke1 Bd4 $1 49. Rf1 (49. Rg3 Rh1+ 50. Bf1 h2 51. Rh3 Be5 $19 {[%cal
Rh1g1]}) (49. Kd1 Rh1+ 50. Rf1 Rxf1+ 51. Bxf1 h2 52. Bg2 Be5 53. Ke2 Bf4 $19 {
[%csl Rb3,Rg5][%cal Yg7f6,Yf6e5,Ye5d4,Yd4c3]} 54. Kd3) 49... Rg2 50. Rh1 h2 51.
Kf1 Rf2+ 52. Ke1 Bc3+ 53. Kd1 Rg2 54. Bf3 Rd2+ 55. Kc1 Bb2+ 56. Kb1 Rf2 $19)
0-1

[Event "ESP-chT CECLUB Honor"]
[Site "Melilla"]
[Date "2011.11.21"]
[Round "1"]
[White "Edouard, Romain"]
[Black "Rivas Pastor, Manuel"]
[Result "1/2-1/2"]
[WhiteElo "2621"]
[BlackElo "2556"]
[Annotator "RR"]
[PlyCount "96"]
[EventDate "2011.11.21"]
[EventType "team-tourn"]
[EventRounds "7"]
[EventCountry "ESP"]
[SourceTitle "CBM 146"]
[Source "ChessBase"]
[SourceDate "2012.01.18"]
[SourceVersion "1"]
[SourceVersionDate "2012.01.18"]
[SourceQuality "1"]
[WhiteTeam "Sestao"]
[BlackTeam "Reverte Albox"]
[WhiteTeamCountry "ESP"]
[BlackTeamCountry "ESP"]

1. d4 Nf6 2. c4 e6 3. Nf3 Bb4+ 4. Nc3 b6 5. e3 Bxc3+ 6. bxc3 d6 7. Bd3 Qe7 8.
Nd2 Nc6 9. O-O e5 10. Ne4 Na5 11. f4 Nxe4 12. Bxe4 c6 13. fxe5 dxe5 14. Qc2 h6
15. a4 Qc7 16. c5 $6 (16. Ba3 Nxc4 17. Rxf7 $16) 16... Be6 $11 17. c4 Nxc4 18.
Bd3 b5 19. axb5 cxb5 20. Be4 Rd8 21. Qb1 O-O 22. Qxb5 exd4 23. exd4 Rxd4 24.
Bf4 Qd8 25. Rae1 Nd2 26. Bxd2 Rxd2 27. Kh1 Qd4 28. Rg1 Bd5 29. Bxd5 Qxd5 30.
Ra1 Rc8 31. Rxa7 Rxc5 32. Qe8+ Kh7 33. Qxf7 Rxg2 $1 (33... Qxf7 $2) 34. Qxd5
Rxg1+ 35. Kxg1 Rxd5 36. Kg2 Kg6 37. Ra3 Rg5+ 38. Kh3 Kh5 39. Rb3 Rg1 40. Rb5+
Rg5 41. Rb3 Re5 42. Rg3 g5 43. Ra3 Re4 44. Rb3 Rh4+ 45. Kg2 Rg4+ 46. Kh3 Rg1
47. Rb4 g4+ 48. Rxg4 Rxg4 1/2-1/2

[Event "Gashimov Memorial 2nd"]
[Site "Shamkir"]
[Date "2015.04.24"]
[Round "7"]
[White "Caruana, Fabiano"]
[Black "So, Wesley"]
[Result "1-0"]
[WhiteElo "2802"]
[BlackElo "2788"]
[Annotator "Ramirez Alvarez,A"]
[PlyCount "101"]
[EventDate "2015.04.17"]
[EventType "tourn"]
[EventRounds "9"]
[EventCountry "AZE"]
[EventCategory "21"]
[SourceTitle "CBM 166"]
[Source "ChessBase"]
[SourceDate "2015.05.11"]
[SourceVersion "1"]
[SourceVersionDate "2015.05.11"]
[SourceQuality "1"]

1. d4 Nf6 2. c4 e6 3. Nc3 Bb4 4. Nf3 b6 5. e3 {It's always pleasant to see a
Rubinstein Variation.} Ne4 6. Qc2 Bb7 7. Bd3 f5 8. O-O Bxc3 9. bxc3 O-O 10. c5
$5 (10. Nd2 {has been played hundreds of times, and is considered to be the
main line.}) 10... Rf6 {Black isn't kidding around; he weill try to checkmate
White with his rook and bishop and queen. His queenside development will be
stalled, but for now that is ok. White might develop them for him, if for
example he takes on b6.} 11. Ne1 $1 {using hte fact that the knight on e4
doesn't have many retreat options with the rook on f6.} bxc5 (11... Rh6 12. g3
$1 {keeps the queen away. White won in both Leko-Andreikin and Georgiev,
V-Eljanov.}) 12. Rb1 Qc8 13. f3 Ng5 14. Be2 cxd4 15. cxd4 {White's down a pawn,
but Black's develompent is awkward. His bishop on b7 is exposed, the g5 knight
will have to retreat, the f6 rook doesn't do much but be a potential target.
However White does still need to do something concrete.} Nc6 16. Nd3 Ba6 17.
Bb2 Ne7 18. d5 Rh6 19. dxe6 Nxe6 20. Nf4 Nxf4 21. exf4 Bxe2 22. Qxe2 {How the
game has changed. White has a powerful bishop and still has the better
coordination. Black has two passed pawns, but hey are not going to be a factor
yet.} Re6 23. Qd3 Ng6 (23... Rb8 {looked stronger. The knight will be useful
on e7.}) 24. g3 Rb8 25. Qxf5 Reb6 26. Bd4 Rxb1 27. Rxb1 Rxb1+ 28. Qxb1 {
With material equality in the endgame it is time to take stock once agian.
White is clearly better: his bishop dominates the open board and coordinates
much better than the queen and knight.} c5 29. Qb3+ c4 (29... Kh8 30. Qc3 $18)
30. Qb5 {With little effort White has already blockaded the pawns. Now they
are ripe for the taking.} Ne7 31. Qg5 $5 (31. Bc5 Nd5 32. Qxc4 Qc6 33. Qd4 $16)
31... Qf8 32. Bc5 Kf7 33. Qe5 Qe8 34. Kf2 {Black is paralyzed.} Nc6 {losing a
pawn, but what else to do?} 35. Qh5+ g6 36. Qxh7+ Ke6 37. Qg7 Qf7 38. Qxf7+
Kxf7 39. Ke3 {White has too many pawns on the kingside.} Ke6 40. g4 d6 41. Ba3
d5 42. Bb2 Nb4 43. a4 Nc2+ 44. Kd2 Nb4 45. h4 Nd3 46. Bd4 a6 (46... Nxf4 47.
Bxa7 {leaves Black with too many passed pawns to deal with.}) 47. h5 gxh5 48.
f5+ Kd6 49. gxh5 $18 Ne5 50. Ke3 Nf7 51. Bg7 1-0